000
00201 a2200085 4500
020
_a
9780743469111
082
_b
EJF EME
100
_a
Scott Emerson
_9
180166
245
_a
The adventure of Samuel Blackthorne
999
_c
754735
_d
754734
942
_w
395
_x
Kholofelo Moabelo
_y
395
_z
Kholofelo Moabelo